New dictionary of theology / (Record no. 11032)
[ view plain ]
| 000 -LEADER | |
|---|---|
| fixed length control field | 00759nam a22002177a 4500 |
| 003 - CONTROL NUMBER IDENTIFIER | |
| control field | OSt |
| 005 - DATE AND TIME OF LATEST TRANSACTION | |
| control field | 20250609013757.0 |
| 008 - FIXED-LENGTH DATA ELEMENTS--GENERAL INFORMATION | |
| fixed length control field | 250609t1988 |||||||| |||| 00| | eng d |
| 020 ## - INTERNATIONAL STANDARD BOOK NUMBER | |
| International Standard Book Number | 0-85110-636-6 |
| 040 ## - CATALOGING SOURCE | |
| Transcribing agency | JMCFI - Learning Resource Center |
| 082 ## - DEWEY DECIMAL CLASSIFICATION NUMBER | |
| Classification number | Gen.Ref. 230.'03'21 N532 1988 |
| 245 ## - TITLE STATEMENT | |
| Title | New dictionary of theology / |
| Statement of responsibility, etc. | Sinclair B. Ferguson, David F. Wright, and J. I. Packer. editors. |
| 260 ## - PUBLICATION, DISTRIBUTION, ETC. | |
| Place of publication, distribution, etc. | England : |
| Name of publisher, distributor, etc. | Inter-Varsity press, |
| Date of publication, distribution, etc. | 1988. |
| 300 ## - PHYSICAL DESCRIPTION | |
| Extent | xix, 738 pages ; |
| Dimensions | 25 cm |
| 500 ## - GENERAL NOTE | |
| General note | Includes bibliographical references. |
| 650 ## - SUBJECT ADDED ENTRY--TOPICAL TERM | |
| Topical term or geographic name entry element | Theology |
| Form subdivision | Dictionaries. |
| 9 (RLIN) | 35223 |
| 700 ## - ADDED ENTRY--PERSONAL NAME | |
| Personal name | Ferguson, Sinclair B |
| Relator term | editor. |
| 9 (RLIN) | 35224 |
| 700 ## - ADDED ENTRY--PERSONAL NAME | |
| Personal name | Wright, David F |
| Relator term | editor. |
| 9 (RLIN) | 35225 |
| 700 ## - ADDED ENTRY--PERSONAL NAME | |
| Personal name | Packer, J. I. |
| Relator term | editor. |
| 9 (RLIN) | 35226 |
| 942 ## - ADDED ENTRY ELEMENTS (KOHA) | |
| Source of classification or shelving scheme | Dewey Decimal Classification |
| Koha item type | Books |
| Suppress in OPAC | No |
| Withdrawn status | Lost status | Source of classification or shelving scheme | Damaged status | Not for loan | Home library | Current library | Shelving location | Date acquired | Total Checkouts | Full call number | Barcode | Date last seen | Copy number | Price effective from | Koha item type |
|---|---|---|---|---|---|---|---|---|---|---|---|---|---|---|---|
| Dewey Decimal Classification | ACQ College of Ministries LRC | ACQ College of Ministries LRC | ACQCM - General References | 09/07/2008 | GR 230.0321 N532 1998 | 0476 | 07/14/2025 | 1 | 07/14/2025 | Books | |||||
| Dewey Decimal Classification | ACQ College of Ministries LRC | ACQ College of Ministries LRC | ACQCM - General References | 07/11/2009 | GR 230.0321 N532 1998 | 1206 | 07/14/2025 | 2 | 07/14/2025 | Books | |||||
| Dewey Decimal Classification | ACQ College of Ministries LRC | ACQ College of Ministries LRC | ACQCM - General References | 01/25/2010 | GR 230.0321 N532 1998 | 1524 | 07/14/2025 | 3 | 07/14/2025 | Books | |||||
| Dewey Decimal Classification | ACQ College of Ministries LRC | ACQ College of Ministries LRC | ACQCM - General References | 06/22/2011 | GR 230.0321 N532 1998 | 3158 | 07/14/2025 | 4 | 07/14/2025 | Books | |||||
| Dewey Decimal Classification | ACQ College of Ministries LRC | ACQ College of Ministries LRC | ACQCM - General References | 06/22/2011 | GR 230.0321 N532 1998 | 3159 | 07/14/2025 | 5 | 07/14/2025 | Books | |||||
| Dewey Decimal Classification | ACQ College of Ministries LRC | ACQ College of Ministries LRC | ACQCM - General References | 06/22/2011 | GR 230.0321 N532 1998 | 3160 | 07/14/2025 | 6 | 07/14/2025 | Books | |||||
| Dewey Decimal Classification | LRC - College (Main) | LRC - College (Main) | General Reference | 08/11/2018 | Gen.Ref. 230.'03'21 N532 1988 | 00007145 | 06/09/2025 | 1 | 06/09/2025 | Books |